Music Quiz

Random Music or Kpop Quiz
Score 0/41 Timer 07:00
0 Plays Today
% Correct
Just Right
98.6%
Blood sweat tears
95.9%
Not today
94.6%
Hard Carry
93.2%
Cherry Bomb
93.2%
Call me baby
93.2%
Monster
93.2%
Very Nice
90.5%
If you do
85.1%
Boy in luv
85.1%
Dope
83.8%
Energetic
83.8%
Hero
82.4%
Don't wanna cry
81.1%
BoomBoom
79.7%
Beautiful
79.7%
Ring Ding Dong
79.7%
Bang Bang Bang
79.4%
No more dream
78.4%
Fire Truck
78.4%
View
78.4%
% Correct
The 7th sense
71.6%
Chewing Gum
70.6%
Fire
70.3%
Fantastic baby
69.1%
Adore u
68.9%
Chained up
67.6%
Stuck
64.9%
Ringa Linga
64.7%
The Eye
58.8%
Error
55.9%
Rhythm Ta
54.4%
Fanfare
54.1%
Press your number
52.7%
Feel so good
51.4%
1004
33.8%
Bingo
32.4%
Ribbon
27%
I'm fine
27%
Shadow
20.3%
Boy meet evil
17.6%
Remove Ads.
Support Sporcle.
Get the best of Sporcle when you Go Orange. This ad-free experience offers more features, more stats, and more fun while also helping to support Sporcle. Thank you for becoming a member.

You're not logged in!

Compare scores with friends on all Sporcle quizzes.
OR
Log In

Show Comments

Extras

Created Sep 18, 2017ReportNominate
Tags:Kpop Quiz, dance, Favorite, male

Top Quizzes Today


Score Distribution

Your Account Isn't Verified!

In order to create a playlist on Sporcle, you need to verify the email address you used during registration. Go to your Sporcle Settings to finish the process.

Report this User

Report this user for behavior that violates our Community Guidelines.

Details: